00680nam a2200241 a 4500001001300000003000900013005001700022008004100039020001000080082001500090100002100105245004300126260003000169300000800199500003500207505002400242650002600266700002100292902000800313942000700321952009500328999001500423nice12345678IN_TiNIC20260116011432.0050524s1932 lona grp 000 0 eng  ac10000a232.1bCAN aCandy, Doris A S aChrist the Climax of the Old Testament aLondonbS E Robertsc1932 a75p aincludes index and biblioraphy2 aBibliography, Index aJesus Christ-Divinity1 aCandy, Doris A S bSRS cBK 00104070aHMIbHMId2007-06-18g100.00l0o232.1 CANp3888r2007-06-18w2026-01-16yARB c1511d1511